Mengenlehre /
Guardado en:
| Autor Principal: | |
|---|---|
| Formato: | Libro |
| Idioma: | German |
| Publicado: |
Berlin :
W. de Gruyter,
1955.
|
| Edición: | 3., neubearbeite Aufl. |
| Series: | Sammlung Göschen ;
Bd. 999/999a |
| Etiquetas: |
Agregar Etiqueta
Sin Etiquetas, Sea el primero en etiquetar este registro!
|
| LEADER | 00576nam a22001815a 4500 | ||
|---|---|---|---|
| 001 | MAT.inmabb004487 | ||
| 008 | 070412s1955####gw#######b####001#0#ger#d | ||
| 005 | 20160526131601.0 | ||
| 245 | 1 | 0 | |a Mengenlehre / |c von E. Kamke. |
| 250 | |a 3., neubearbeite Aufl. | ||
| 260 | |a Berlin : |b W. de Gruyter, |c 1955. | ||
| 300 | |a 194, 24 p. ; |c 16 cm. | ||
| 440 | 0 | |a Sammlung Göschen ; |v Bd. 999/999a | |
| 504 | |a Incluye referencias bibliográficas (p. 192). | ||
| 510 | 4 | |a MR, |c 17,351h | |
| 100 | 1 | |a Kamke, E. |q (Erich), |d 1890-1961. | |
| 084 | |a 03Exx |2 msc2000 | ||
| 859 | |h 03 |i K15m |p A-3393 |b BIB. MATEMATICA | ||
